000 01082nam a2200241Ia 4500
003 Ost
005 20260507075013.0
008 260507s9999||||xx |||||||||||||| ||und||
020 _a9959290301
040 _cfsecg
041 _aara
082 _a515
100 _aجهيمة، رمضان محمد
_eمؤلف
245 0 _aالتفاضل والتكامل ج2 /
_c رمضان محمد جهيمة
250 _aطبعة 3
260 _aطرابلس:
_bدار الكتاب الجديدة المتحدة,
_c2001
300 _a520 صفحة؛
_bإيضاحات ؛
_c25 سم
520 _aالتفاضل الجزئي-التكامل الثنائي-التكامل الثلاثي-بعض عناصر التفاضل والتكامل المتجه-المتتاليات والمتسلسلات اللانهائية-بعض عناصر المعادلات التفاضلية العادية
653 _aالتفاضل والتكامل
653 _aالمعادلات التفاضلية
700 _aهب الريح، احمد عبد العالي
_eمؤلف ثانوي
942 _cكتاب
999 _c42181
_d42181